| 000 | 00372 a2200157 4500 | ||
|---|---|---|---|
| 003 | Nust | ||
| 005 | 20170207153431.0 | ||
| 040 | _cNust | ||
| 082 | _a808.899282 | ||
| 100 | _aPascal,Francine | ||
| 245 |
_aSweet Valley Twins _c Francine Pascal |
||
| 260 |
_aNew Zealand _bSweet Valley Twins |
||
| 300 | _a138:p | ||
| 538 | _aAlmirah No.58 Shelf No.3 | ||
| 650 | _achildren Book | ||
| 942 |
_2ddc _cBK |
||
| 999 |
_c186101 _d186101 |
||